| 000 | 00463nam a22001937a 4500 | ||
|---|---|---|---|
| 003 | MPLRDC | ||
| 005 | 20220104113928.0 | ||
| 008 | 210129b ||||| |||| 00| 0 eng d | ||
| 020 | _a957-9159-48-3 | ||
| 082 | _a848.2 QJ-2 v.4 | ||
| 100 | _a琦君著 | ||
| 245 |
_a千里怀人月在峰 _c |
||
| 250 | _a十六印 | ||
| 260 |
_a _b尔雅出版社 _c1990 |
||
| 300 | _b平 | ||
| 490 | _a尔雅丛书;42 | ||
| 650 | _a现代别集 | ||
| 942 |
_cBK _o848.2 QJ-2 v.4 |
||
| 999 |
_c3459 _d3449 |
||